<?xml version="1.0" encoding="UTF-8"?>
<record
    xmlns:xsi="http://www.w3.org/2001/XMLSchema-instance"
    xsi:schemaLocation="http://www.loc.gov/MARC21/slim http://www.loc.gov/standards/marcxml/schema/MARC21slim.xsd"
    xmlns="http://www.loc.gov/MARC21/slim">

  <leader>01257nam a2200313 a 4500</leader>
  <controlfield tag="001">BRCA_7692</controlfield>
  <controlfield tag="005">20190320205940.0</controlfield>
  <controlfield tag="008">120827s2012    u--a######---#001-0#eng-#</controlfield>
  <datafield tag="020" ind1=" " ind2=" ">
    <subfield code="a">9780300180718</subfield>
  </datafield>
  <datafield tag="040" ind1=" " ind2=" ">
    <subfield code="a">DLC</subfield>
    <subfield code="c">DLC</subfield>
    <subfield code="d">DLC</subfield>
  </datafield>
  <datafield tag="041" ind1=" " ind2=" ">
    <subfield code="a">eng</subfield>
  </datafield>
  <datafield tag="044" ind1=" " ind2=" ">
    <subfield code="a">u</subfield>
  </datafield>
  <datafield tag="050" ind1=" " ind2="4">
    <subfield code="a">G1549.M4</subfield>
    <subfield code="b">.P35 2012</subfield>
  </datafield>
  <datafield tag="245" ind1="1" ind2="0">
    <subfield code="a">Painting a map of sixteenth-century Mexico City</subfield>
    <subfield code="b">land, writing, and native rule</subfield>
    <subfield code="c">edited by Mary E. Miller and Barbara E. Mundy ; with essays by Dennis Carr ... [et al.].</subfield>
  </datafield>
  <datafield tag="260" ind1=" " ind2=" ">
    <subfield code="a">New Haven</subfield>
    <subfield code="b">Beinecke Rare Book &amp; Manuscript Library, Yale University</subfield>
    <subfield code="c">c2012</subfield>
  </datafield>
  <datafield tag="300" ind1=" " ind2=" ">
    <subfield code="a">xv, 216 p.</subfield>
    <subfield code="b">il. (algunas a color), mapas</subfield>
    <subfield code="c">29 cm.</subfield>
  </datafield>
  <datafield tag="500" ind1=" " ind2=" ">
    <subfield code="a">Incluye glosario de t&#xE9;rminos e &#xED;ndice alfab&#xE9;tico</subfield>
  </datafield>
  <datafield tag="504" ind1=" " ind2=" ">
    <subfield code="a">Bibliograf&#xED;a: p. [197]-208</subfield>
  </datafield>
  <datafield tag="650" ind1="1" ind2="4">
    <subfield code="a">Cartograf&#xED;a ind&#xED;gena</subfield>
    <subfield code="x">Historia</subfield>
    <subfield code="y">Siglo XVI</subfield>
    <subfield code="z">M&#xE9;xico</subfield>
    <subfield code="9">19002</subfield>
  </datafield>
  <datafield tag="651" ind1=" " ind2="4">
    <subfield code="a">Ciudad de M&#xE9;xico</subfield>
    <subfield code="v">Mapas</subfield>
    <subfield code="9">19003</subfield>
  </datafield>
  <datafield tag="651" ind1=" " ind2="4">
    <subfield code="a">Ciudad de M&#xE9;xico</subfield>
    <subfield code="v">Mapas</subfield>
    <subfield code="x">Geograf&#xED;a hist&#xF3;rica</subfield>
    <subfield code="9">19004</subfield>
  </datafield>
  <datafield tag="651" ind1=" " ind2="4">
    <subfield code="a">Ciudad de M&#xE9;xico</subfield>
    <subfield code="v">Mapas</subfield>
    <subfield code="x">Historia</subfield>
    <subfield code="9">761</subfield>
  </datafield>
  <datafield tag="651" ind1=" " ind2="4">
    <subfield code="a">Ciudad de M&#xE9;xico</subfield>
    <subfield code="x">Antig&#xFC;edades</subfield>
    <subfield code="9">14000</subfield>
  </datafield>
  <datafield tag="651" ind1=" " ind2="4">
    <subfield code="a">M&#xE9;xico</subfield>
    <subfield code="x">Civilizaci&#xF3;n</subfield>
    <subfield code="y">Siglo XVI</subfield>
    <subfield code="9">19005</subfield>
  </datafield>
  <datafield tag="700" ind1="1" ind2=" ">
    <subfield code="a">Miller, Mary E.</subfield>
    <subfield code="e">ed.</subfield>
    <subfield code="9">19006</subfield>
  </datafield>
  <datafield tag="700" ind1="1" ind2=" ">
    <subfield code="a">Mundy, Barbara E.</subfield>
    <subfield code="e">ed.</subfield>
    <subfield code="9">4821</subfield>
  </datafield>
  <datafield tag="700" ind1="1" ind2=" ">
    <subfield code="a">Carr, Dennis</subfield>
    <subfield code="9">19007</subfield>
  </datafield>
  <datafield tag="942" ind1=" " ind2=" ">
    <subfield code="2">lcc</subfield>
    <subfield code="c">B</subfield>
  </datafield>
  <datafield tag="999" ind1=" " ind2=" ">
    <subfield code="c">7366</subfield>
    <subfield code="d">7366</subfield>
  </datafield>
  <datafield tag="952" ind1=" " ind2=" ">
    <subfield code="0">0</subfield>
    <subfield code="1">0</subfield>
    <subfield code="4">0</subfield>
    <subfield code="7">0</subfield>
    <subfield code="a">BRCA</subfield>
    <subfield code="b">BRCA</subfield>
    <subfield code="d">2013-08-21</subfield>
    <subfield code="l">0</subfield>
    <subfield code="o">G1549.M4 .P35 2012</subfield>
    <subfield code="p">02764</subfield>
    <subfield code="r">2019-03-22 00:00:00</subfield>
    <subfield code="w">2019-03-22</subfield>
    <subfield code="y">B</subfield>
  </datafield>
</record>
